000 00459nam a2200181Ia 4500
001 3875
005 20260306145715.0
008 260306t2007||||xx |||||||||||||| ||spa||
041 _aESP
082 _a304.83
_bI59
100 _aInstituto Interamericano de Derechos Humanos
_eAUT
245 0 _aMigraciones indígenas en las Américas
260 _c2007
300 _a185 páginas :
_c27 cm.
650 _aGEN
654 _aCHU
942 _cLIB
_dJUS
_fJUS
_2ddc
_n
999 _c3875
_d3875